| 000 | 00813nam a22002177a 4500 | ||
|---|---|---|---|
| 999 |
_c5920 _d5920 |
||
| 003 | AR-CdUCM | ||
| 008 | 190313b ||||| |||| 00| 0 spa d | ||
| 040 |
_aMUNICIPALIDAD PROVINCIAL DEL CUSCO _cBIBLIOTECA MUNICIPAL DEL CUSCO |
||
| 082 |
_a869.56 / _bH48D |
||
| 100 |
_aHidalgo, Alberto _95809 |
||
| 245 | _aDimensión del hombre / | ||
| 260 |
_aBuenos Aires : _bFrancisco A. Colombo. _c1938. |
||
| 300 |
_a55 páginas ; _c21 cm. |
||
| 500 | _aDonación familia Nieto | ||
| 505 | _aContenido: Prologo de los muertos -- Religión de la rosa -- Drama con un solo personaje -- Cine retrospectivo -- Caja de ahorros -- Oración completamente colorada -- Continuidad... | ||
| 650 |
_aPoesías peruanas _91481 |
||
| 650 |
_aSiglo XX _98 |
||
| 650 |
_aHombre vegetal _917424 |
||
| 942 |
_2ddc _cLIBROS |
||
| 945 | _adavv | ||